Ludwig Hischfeld-Mack als Pädagoge / (Titelsatznr. 80690)
[ MARC ]
| 000 -Satzkennung | |
|---|---|
| Kontrollfeld mit fester Länge | 00705nam a22001937a 4500 |
| 008 - Feld mit fester Länge zur physischen Beschreibung - Allgemeine Angaben | |
| Kontrollfeld mit fester Länge | 210210b ||||| |||| 00| 0 eng d |
| 040 ## - Katalogisierungsquelle | |
| Original-Katalogisierungsstelle | STAFF |
| Katalogisierungssprache | ger |
| Übertragungsstelle | STAFF |
| Beschreibungsfestlegungen | rda |
| 041 ## - Sprachcode | |
| Sprachcode des Textes/der Tonspur oder des separaten Titels | ger |
| 100 ## - Person oder Familie als 1. geistiger Schöpfer | |
| Personenname | Stasny, Peter: |
| 245 ## - Titel | |
| Haupttitel | Ludwig Hischfeld-Mack als Pädagoge / |
| Verantwortlichkeitsangabe | Peter Stasny |
| 500 ## - Anmerkung | |
| Allgemeine Anmerkung | Darin enthalten: Pädagogische Akademie Frankfurt (Oder). |
| 600 ## - Nebeneintragung unter einem Schlagwort - Personenname | |
| Personenname | Hirschfeld-Mack, Ludwig (1893-1965) |
| 653 ## - Lokales Schlagwort | |
| Nicht-normierter Term | Pädagogische Akademie Frankfurt (Oder) |
| 773 ## - Übergeordnete Einheit | |
| Titel | Das Bauhaus in Brandenburg: Industriedesign und Handwerk im Zeichen der Moderne. |
| Ort, Verlag und Erscheinungsjahr | Cottbus: Brandenburgische Kulturstiftung, [2019] |
| Verknüpfungsangaben | S. 109-116. |
| 942 ## - Zusätzliche Felder (Koha) | |
| Koha-Medientyp | Aufsätze |
| Ausgeschieden | Verloren | Beschädigt | Nicht entleihbar | Permanenter Standort | Aktueller Standort | Aufstellungsort | Eingabedatum | Anzahl Ausleihen | Signatur | Letzte Aktivität | Preis gültig von | Medientyp |
|---|---|---|---|---|---|---|---|---|---|---|---|---|
| Stadtarchiv Frankfurt (Oder) | Archivbibliothek | Stadtarchiv Frankfurt (Oder) | Archivbibliothek | Magazin | 10/02/2021 | III: 1903 | 10/02/2021 | 10/02/2021 | Aufsätze |